Countries Closest to France A-Z - Statistics

General Stats
  • This quiz has been taken 56 times
  • The average score is 22 of 24
Answer Stats
Letter Country % Correct
B Belgium
100%
G Germany
98%
I Italy
96%
N Netherlands
96%
S Spain/Switzerland
96%
U United Kingdom
96%
A Andorra
94%
E Estonia
94%
L Luxembourg
94%
P Portugal
94%
Q Qatar
94%
Y Yemen
94%
D Denmark
91%
F Finland
91%
V Vatican City
91%
M Monaco
89%
O Oman
89%
H Hungary
87%
Z Zambia
87%
R Romania
83%
C Czech Republic
81%
J Jordan
79%
T Tunisia
79%
K Kosovo
74%
No matching quizzes found
Score Distribution
Percent of People with Each Score
Percentile by Number Answered
Your Score History
You have not taken this quiz